003430000a2200157000450000500170000010000230001710000200004024500200006026000270008030000100010704000080011736500080012565000150013365000200014865000170016820120302061223.0 a Miale,Florence R. a Selzer,Michael a Nuremberg Mind aU.S.A.:New York Times. a302p. aENG bRs. aPsychology aPsychology-Nazi aNazi leaders